Konvergenčná správa 2006 - východiská pre hodnotenie SR v roku 2008
V máji tohto roku uverejnila ECB konvergenčnú správu na rok 2006 o Litve a Slovinsku, ktoré požiadalo o hodnotenie svojich krajín v nadväznosti na prístupový proces do HMÚ a snahu zaviesť euro od 1. 1. 2007. Slovenská republika, ktorá má rovnakú ambíciu ako spomenuté štáty, plánuje vstup do eurozóny...
Na minha lista:
| Autor principal: | |
|---|---|
| Formato: | Capítulo de Livro |
| Idioma: | eslovaco |
| Assuntos: | |
| Tags: |
Sem tags, seja o primeiro a adicionar uma tag!
|
MARC
| LEADER | 00000nla$a2200000$$$4500 | ||
|---|---|---|---|
| 001 | 0055419 | ||
| 005 | 20240502071631.6 | ||
| 041 | 0 | |a slo | |
| 044 | |a SK | ||
| 245 | 1 | 0 | |a Konvergenčná správa 2006 - východiská pre hodnotenie SR v roku 2008 |c Miroslav Tučník |
| 520 | |a V máji tohto roku uverejnila ECB konvergenčnú správu na rok 2006 o Litve a Slovinsku, ktoré požiadalo o hodnotenie svojich krajín v nadväznosti na prístupový proces do HMÚ a snahu zaviesť euro od 1. 1. 2007. Slovenská republika, ktorá má rovnakú ambíciu ako spomenuté štáty, plánuje vstup do eurozóny 1. 1. 2009. Na základe tohto cieľa dokážeme povedať, že nasledujúca konvergenčná správa v roku 2008 bude zahŕňať aj hodnotenie Slovenska v oblasti hospodárskej a právnej konvergencie. Hlavnými časťami správy bude hodnotenie a analýza pokroku pri plnení vyššie uvedených kritérií. | ||
| 610 | 2 | 0 | |a konvergencia |
| 610 | 2 | 0 | |a hospodárstvo národné |
| 610 | 2 | 0 | |a legislatíva |
| 610 | 2 | 0 | |a vývoj |
| 610 | 2 | 0 | |a Slovensko |
| 610 | 2 | 0 | |a euro |
| 610 | 2 | 0 | |a Európska únia |
| 610 | 2 | 0 | |a krajiny tranzitívne |
| 100 | 1 | |a Tučník, Miroslav | |